Indicadors provincials : gener - desembre 2004 / [elaborat pel Servei de Foment de l'Ocupació], Xarxa Local d'Ocupació - Intermediació gener - desembre 2004 / [elaborat pel Servei de Foment de l'Ocupació], Xarxa Local d'Ocupació - Intermediació
Publicado:
Barcelona :
la Diputació. Àrea de Promoció Econòmica i Ocupació. [Servei de Dinamització del Mercat de Treball Local] ,
2004
Descripción Física:
3 v. : taules ; 30 cm
MARC
| LEADER | 00000nam a2200000Ia 4500 | ||
|---|---|---|---|
| 001 | 20433, 20434, 20435 | ||
| 008 | 160829s2004 xx 000 0 cat d | ||
| 080 | |a M-6-37 | ||
| 110 | 1 | |a Barcelona (Catalunya : Província). |b Servei de Foment a l'Ocupació |9 54333 | |
| 245 | |a Indicadors provincials : |b gener - desembre 2004 / [elaborat pel Servei de Foment de l'Ocupació], Xarxa Local d'Ocupació - Intermediació | ||
| 260 | |a Barcelona : |b la Diputació. Àrea de Promoció Econòmica i Ocupació. [Servei de Dinamització del Mercat de Treball Local], |c 2004 | ||
| 300 | |a 3 v. : |b taules ; |c 30 cm | ||
| 590 | |a A la coberta: Xaloc. | ||
| 590 | |a Núm. registre d'entrada: 4584 | ||
| 650 | |a Conciliació laboral |x Barcelona (Província) |x Estadístiques |9 42395 | ||
| 650 | |a Municipis |x Barcelona (Província) |x Estadístiques |9 44464 | ||
| 650 | 0 | |a Ocupació |z Barcelona (Província) |x Estadístiques |9 42397 | |
| 710 | 2 | |a Xaloc Intermediació |9 55209 | |
| 710 | 1 | |a Barcelona (Catalunya : Província). |b Servei de Dinamització del Mercat de Treball Local |9 56002 | |
| 901 | |a Arxiu | ||
| 942 | |n 1 | ||
| 952 | |0 0 |1 0 |4 0 |6 M637 |7 1 |9 52521 |a Arxiu |b Arxiu |d 2016-12-01 |l 0 |o M-6-37 |p 20433, 20434, 20435 |r 2016-12-01 00:00:00 |w 2016-12-01 |y ARXIU | ||
| 999 | |c 56369 |d 56369 | ||